Φλέγομαι : μυθιστορηματική βιογραφία του Βλαδίμηρου Μαγιακόφσκι
Saved in:
| Main Author: | |
|---|---|
| Other Authors: | |
| Format: | Book |
| Language: | Greek Swedish |
| Published: |
Αθήνα :
Scripta,
c2001.
|
| Series: | Σύγχρονο μυθιστόρημα (Scripta)
|
| Subjects: | |
| Tags: |
Add Tag
No Tags, Be the first to tag this record!
|
MARC
| LEADER | 00000cam a2200000 i 4500 | ||
|---|---|---|---|
| 001 | 1/34571 | ||
| 008 | 060920s2001 gr | ||| |||| ||gre|| | ||
| 020 | |a 9607909313 | ||
| 035 | |l 10085269 | ||
| 040 | |a GR-MY-UA |b gre |e aacr | ||
| 041 | 1 | |a gre |h swe | |
| 082 | 7 | |a 839.73 |2 (22) | |
| 100 | 1 | |a Safve, Torbjorn, |d 1941- | |
| 245 | 1 | 0 | |a Φλέγομαι : |b μυθιστορηματική βιογραφία του Βλαδίμηρου Μαγιακόφσκι / |c Torbjorn Safve ; σε μετάφραση: Γρηγόρη Ν. Κονδύλη. |
| 260 | |a Αθήνα : |b Scripta, |c c2001. | ||
| 300 | |a 642 σ. ; |c 21 εκ. | ||
| 490 | 1 | |a (Σύγχρονο μυθιστόρημα / Scripta) | |
| 500 | |a Τίτλος πρωτοτύπου: Jag brinner | ||
| 600 | 1 | 0 | |a Mayakovsky, Vladimir, |d 1893-1930. |
| 650 | 0 | 0 | |a Swedish fiction. |
| 700 | 1 | |a Κονδύλης, Γρηγόρης Ν. |e trl | |
| 830 | 0 | |a Σύγχρονο μυθιστόρημα (Scripta) | |
| 852 | |a INST |b SYROS |e 20060920 |h 839.73 SAF |p 005500004630 |q 005500004630 |t BK |y 0 | ||
| 901 | |a BIBL5-2006-2 | ||
| 909 | |a Ε |b 117699 | ||
| 970 | |a ΚΑΓΙΑΒΑ |b ΕΙΡΗΝΗ |z 2006/09/20 | ||